Excise taxes on tobacco products and elimination of negative externalities
Gespeichert in:
| 1. Verfasser: | |
|---|---|
| Format: | Buchkapitel |
| Sprache: | Englisch |
| Schlagworte: | |
| Tags: |
Keine Tags, Fügen Sie das erste Tag hinzu!
|
MARC
| LEADER | 00000nla a2200000 4500 | ||
|---|---|---|---|
| 001 | 0226833 | ||
| 005 | 20240502073734.6 | ||
| 041 | 0 | |a eng | |
| 044 | |a SK | ||
| 245 | 1 | 0 | |a Excise taxes on tobacco products and elimination of negative externalities |c Juraj Válek |
| 610 | 2 | 0 | |a dane spotrebné |
| 610 | 2 | 0 | |a tabak |
| 610 | 2 | 0 | |a sadzby daňové |
| 610 | 2 | 0 | |a štát |
| 610 | 2 | 0 | |a príjmy |
| 610 | 2 | 0 | |a Slovensko |
| 610 | 2 | 0 | |a Európska únia |
| 100 | 1 | |a Válek, Juraj, 1981- | |